00477 2200181 4500001002100000005001500021008004100036020001800077035001900095041000700114082001100121090001700132100001500149245006700164260003200231300002100263650001100284INLIS00000000001489420241224114830241224||||||||| | ||| |||| || |  a979-571-102-4 0010-1224014894 aid0 a530.07 a530.07 KAM p0 aKamandjaya00aPENUNTUN BELAJAR FISIKA 2 BERDASARKAN KURIKULUM BARU GBPP 1994 aBandungbGaneca Exactc1996 a237hlm;15x20.5cm 0aFisika